Statistiche per Stemmi Squadre di calcio - UEFA - Quiz n°19

Clicka qui per fare il quiz!

Statistiche generali

  • Questo quiz è stato fatto 36 volte
  • Il punteggio medio è 7 su 10

Statistiche sulle risposte

Risposta% Corretto
Football Club Utrecht
100%
Huddersfield Town Association Football Club
100%
Piacenza Calcio 1919
97%
Hrvatski Nogometni Klub Hajduk Split
90%
Football Club Slovan Liberec
83%
Granada Club de Fútbol
83%
Valenciennes Football Club
57%
Boavista Futebol Clube
50%
Association Sportive Nancy-Lorraine
23%
Sapekhburto K'lubi Dinamo Tbilisi
3%

Distribuzione punteggi

Percentile per numero di risposta

Percentuale di utenti per punteggio

I tuoi punteggi nel tempo

Non hai fatto questo quiz